| 000 | 01202nam1a22003251i 4500 | ||
|---|---|---|---|
| 001 | v19\rc\1471557 | ||
| 005 | 20260406163857.0 | ||
| 035 | _a(NLR Aleph) 004685980 | ||
| 090 |
_a3870982 _c3870982 |
||
| 100 | _a20060620d1877 |||y0rusy50 ca | ||
| 101 | 0 | _arus | |
| 102 | _aRU | ||
| 105 | _ay z ||||| | ||
| 200 | 1 |
_aГлоттологические (лингвистические) заметки _f[Соч.] И. Бодуэна-де-Куртенэ. (J. Baudouin de Courtenay). Вып. 1- |
|
| 210 |
_aВоронеж _cтип. Губ. правл. _d1877 |
||
| 215 | _d25 | ||
| 532 | 1 | 3 | _aГлоттологические лингвистические заметки |
| 700 | 1 |
_8rus _7ca _aБодуэн де Куртенэ _bИ. А. _f1845-1929 _gИван Александрович _3RU\NLR\AUTH\7710353 _9120131 |
|
| 790 | 1 |
_aКуртенэ _bИ.А. _f1845-1929 _gИван Александрович |
|
| 801 | 0 |
_aRU _bNLR _gpsbo |
|
| 801 | 0 |
_aRU _bRuMoRGB _2psbo |
|
| 801 | 1 |
_aRU _bProSoft-M _2rusmarc |
|
| 852 |
_aNLR _j18.50.4.9 |
||
| 899 |
_aRuMoRGB _jF 13/119 |
||
| 899 |
_aRuMoRGB _jM 87/119 |
||
| 899 | _aБАН | ||
| 899 | _aНБ СПбГУ | ||
| 899 | _aГПИБ | ||
| 942 | _cBOOK | ||